Gorvachev and the soviet military
Gespeichert in:
| 1. Verfasser: | |
|---|---|
| Format: | Text |
| Veröffentlicht: |
s.l:
s.e.
|
| Tags: |
Tag hinzufügen
Keine Tags, Fügen Sie den ersten Tag hinzu!
|
MARC
| LEADER | 00000 a a2200000 04500 | ||
|---|---|---|---|
| 001 | 24513 | ||
| 003 | |||
| 040 | |a CRAI/IIS |c CRAI/IIS | ||
| 090 | |a 176000 | ||
| 100 | |a Larrabee, F. Stephen | ||
| 245 | |a Gorvachev and the soviet military | ||
| 260 | |a s.l: |b s.e. | ||
| 300 | |a 25 p | ||
| 999 | |c 3925 |d 3925 | ||
